Patología y terapéutica especiales de los animales domésticos : tomo ii /

Guardado en:
Autor Principal: Hutyra, F.
Otros Autores: Marek, J., Manniger, R.
Formato: Libro
Publicado: Barcelona : Labor, 1968
Edición:2a. ed.
Materias:
Etiquetas: Agregar Etiqueta
Sin Etiquetas, Sea el primero en etiquetar este registro!
LEADER 02251nam a22002295a 4500
001 CEM.cems017908
005 20121114110246.0
008 130507s1968##################000#0#####d
003 CEMS
082 0 4 |a 636.089 
100 1 |a Hutyra, F. 
245 1 0 |a Patología y terapéutica especiales de los animales domésticos :  |b tomo ii /  |c F. Hutyra, J. Marke y R. Menniger 
250 |a 2a. ed. 
260 |a Barcelona :  |b Labor,  |c 1968 
300 |a 1033 p. 
500 |a Enfermedades de los órganos 
505 0 |a Enfermedades de los órganos digestivos (enfermedades de la boca y faringe y glándulas salivales) -- Enfermedades del esófago -- Enfermedades de los proventrículos de los rumiantes -- Enfermedades del estómago y del intestino (consideraciones fisiológicas y patológicas) -- Parásitos animales en el tubo gastroentérico -- Enfermedades del hígado y del páncreas -- Enfermedades del peritoneo -- Enfermedades de los órganos respiratorios (enfermedades de las fosas nasales y cavidades accesorias) --Enfermedades de la laringe, de la tráquea y de los bronquios -- Enfermedades de los pulmones -- Enfermedades de la pleura -- Enfermedades de los órganos de la circulación de la sangre -- Enfermedades de los órganos urinarios -- Enfermedades de la sangre y de su formación -- Enfermedades neuroendocrinas y metabólicas -- Enfermedades de la nutrición y del metabolismo -- Enfermedades de las glándulas endocrinas -- Enfermedades de los órganos locomotores -- Enfermedades del sistema nervioso -- Trastornos circulatorios del sistema nervioso central -- Alteraciones del sistema nervioso central por causas físicas -- Enfermedades parasitarias del sistema nervioso central -- Enfermedades de las meninges encefálicas -- Síndrome nervioso en las intoxicaciones internas y externas y en las enfermedades del metabolismo -- Enfermedades hereditarias del sistema nervioso central -- Alteraciones inflamatorias y degenerativas del sistema nervioso central -- Enfermedades sistema nervioso periférico -- Enfermedad de la piel 
653 |a Enfermedades-animales domésticos 
653 |a Organos-enfermedades 
700 1 |a Marek, J. 
700 1 |a Manniger, R. 
859 |a CEMS  |b BIB. CEMS - Agricultura  |h 636.089  |i H979a2  |p A1685.12  |t Ej.1  |v II  |3 II